Proyecto de Código de Derecho Internacional Privado / (Record no. 137500)

MARC details
000 -LEADER
campo de control de longitud fija 00567nam a2200169 4500
001 - NÚMERO DE CONTROL
campo de control 137500
003 - IDENTIFICADOR DE NÚMERO DE CONTROL
campo de control ES-MaACL
005 - FECHA Y HORA DE LA ÚLTIMA TRANSACCIÓN
campo de control 20250820063043.0
007 - CAMPO FIJO DE DESCRIPCIÓN FÍSICA--INFORMACIÓN GENERAL
campo de control de longitud fija t|
008 - DATOS DE LONGITUD FIJA--INFORMACIÓN GENERAL
campo de control de longitud fija 070214s1925 cu r ||||1| spa d
100 1# - ENTRADA PRINCIPAL--NOMBRE DE PERSONA
Nombre de persona Sánchez de Bustamante y Sirvén, Antonio,
Fechas asociadas al nombre 1865-1951
9 (RLIN) 102572
245 10 - MENCIÓN DEL TÍTULO
Título Proyecto de Código de Derecho Internacional Privado /
Mención de responsabilidad, etc. Antonio Sánchez de Bustamante y Sirvén.
260 ## - PUBLICACIÓN, DISTRIBUCIÓN, ETC.
Lugar de publicación, distribución, etc. La Habana :
Nombre del editor, distribuidor, etc. [s.n.],
Fecha de publicación, distribución, etc. 1925 (
Fabricante Imp. Siglo XXI)
300 ## - DESCRIPCIÓN FÍSICA
Extensión 288 p. ;
Dimensiones 20 cm.
852 ## - LOCALIZACIÓN
Ubicación ES-MaACL
Número de control de estantería F-5310
Sublocalización o colección R.5078
Holdings
Estatus retirado Estado de pérdida Estado de daño No para préstamo Biblioteca de origen Biblioteca actual Ubicación en estantería Fecha de adquisición Fuente de adquisición Total de préstamos Signatura topográfica completa Código de barras Visto por última vez Precio de reemplazo Tipo de ítem Koha
        Biblioteca del Ateneo de Madrid Biblioteca del Ateneo de Madrid Depósito 2 17/01/2008     F-5310 1143088 23/02/2023 23/02/2023 Libro impreso